zpět

Detail výsledku týmu

Pizza-Doma ST, Plzeň

Datum a čas kvízu

30 Celkem bodů Celkový počet nahraných bodů na tomto kvízu bez doplňovacích otázek.
6. Pořadí na kvízu Konečné umístění týmu na tomto kvízu.

Zaznamenané odpovědi

# Otázka Odpověď Body Výsledky
1. Odvolací Městský soud v Praze... Pavel Novotný, Kateřina Kristelová 0
2. Jak se nazývá malá africká zem... Lesotho 1
3. V úterý měl na Netflixu premié... Meghan (Markle) 1
4. Minulý týden se ve Španělsku k... Barcelona 0
5. Minulý týden skončila základní... 1D 2C 3B 4A 1
6. V roce 1978 zakoupila jistá me... Greenpeace 0
7. V tématu o slavných lodích se... Carpathia 0
8. Loď Beagle na své druhé plavbě... Charles Darwin 1
9. Válečná loď Vasa ujela celkem... ve Stockholmu 0
10. Ceremoniál podpisu kapitulační... Missouri 0